[ Proceedings of the Second International Shelter Conference and Vienna Recommendations on Shelter and Urban Development held at Vienna, Austria on 1987 ]

Bibliographic Details
Corporate Author: International Shelter Conference and Vienna Recommendations
Format: Book
Language:English
Subjects:

MARC

LEADER 00000cam a2200000 7i4500
001 0000027736
005 20180207.0
008 180118 au eng
040 |a INS   |b eng   |c INS   |e rda 
090 0 0 |a S345 
110 1 |a International Shelter Conference and Vienna Recommendations   |n 2nd   |c Vienna, Austria 
245 1 0 |a [ Proceedings of the Second International Shelter Conference and Vienna Recommendations on Shelter and Urban Development held at Vienna, Austria on 1987 ] 
264 0 |c 1987 
300 |a 126p. :   |b ill. ;   |c 28cm. 
336 |a text  |2 rdacontent 
337 |a unmediated  |2 rdamedia 
338 |a volume  |2 rdacarrier 
650 0 |a Shelter Systems 
999 |a S000000934   |b BOOK   |c Seminar   |e Default branch